[Event "Merano Gold Cup 31st"]
[Site "Merano"]
[Date "2003.05.08"]
[Round "8"]
[White "Brehme, Helmut"]
[Black "Fabritius, Herbert"]
[Result "1-0"]
[WhiteElo "1588"]
[BlackElo "1733"]
[PlyCount "119"]
[EventDate "2003.05.??"]
[EventType "swiss"]
[EventRounds "9"]
[EventCountry "ITA"]
[SourceTitle "EXT 2006"]
[Source "ChessBase"]
[SourceDate "2005.11.24"]
[SourceVersion "1"]
[SourceVersionDate "2005.11.24"]
[SourceQuality "1"]

1. f4 d5 2. d4 Nf6 3. Nf3 Bg4 4. e3 c6 5. Be2 Nbd7 6. Nc3 e6 7. a3 Bd6 8. Ne5 Bxe2 9. Qxe2 a6 10. 0-0 Qe7 11. b4 Nb6 12. Bd2 0-0 13. g4 Nfd7 14. Rf3 f6 15. Nd3 e5 16. Nc5 Rab8 17. Raf1 Nc4 18. Bc1 a5 19. Rh3 axb4 20. axb4 Rfe8 21. Qd3 e4 22. Qe2 Nf8 23. f5 b6 24. Na6 Ra8 25. b5 cxb5 26. Nxd5 Qb7 27. Nab4 Bxb4 28. Nxb4 Qe7 29. c3 Qd6 30. Qg2 Ra1 31. g5 fxg5 32. Qxg5 Nd7 33. Qh5 Nf6 34. Qg5 Re7 35. Rg3 Kh8 36. h4 Rd7 37. Rg2 Rda7 38. h5 h6 39. Qh4 Nh7 40. Qxe4 Re7 41. Qd5 Qf6 42. e4 Rxc1 43. Rxc1 Ne3 44. Qd8+ Nf8 45. Rg6 Qf7 46. Nc6 Re8 47. Ne5 Qe7 48. Qxe7 Rxe7 49. Rxb6 Rc7 50. Rxb5 Ra7 51. Ng6+ Kg8 52. Rb8 Rf7 53. Nxf8 Rxf8 54. Rxf8+ Kxf8 55. Kf2 Nc4 56. Re1 Nd6 57. Kf3 Nc4 58. d5 Nb6 59. Rd1 Nd7 60. Kf4 1-0

[Event "Merano Gold Cup 31st"]
[Site "Merano"]
[Date "2003.05.04"]
[Round "4"]
[White "Bullock, Alfred"]
[Black "Brehme, Helmut"]
[Result "0-1"]
[WhiteElo "1394"]
[BlackElo "1588"]
[PlyCount "82"]
[EventDate "2003.05.??"]
[EventType "swiss"]
[EventRounds "9"]
[EventCountry "ITA"]
[SourceTitle "EXT 2006"]
[Source "ChessBase"]
[SourceDate "2005.11.24"]
[SourceVersion "1"]
[SourceVersionDate "2005.11.24"]
[SourceQuality "1"]

1. e4 e5 2. Nf3 Nc6 3. d3 Bc5 4. Be2 d6 5. c3 a6 6. 0-0 h6 7. d4 exd4 8. cxd4 Ba7 9. Nc3 Bd7 10. e5 dxe5 11. dxe5 Nge7 12. Bf4 Be6 13. Qxd8+ Rxd8 14. Rfd1 0-0 15. Kf1 g5 16. Bg3 Nf5 17. h3 Nxg3+ 18. fxg3 Ne7 19. g4 Bd5 20. Nxd5 Nxd5 21. Rdc1 Ne3+ 22. Ke1 Nxg2+ 23. Kf1 Ne3+ 24. Ke1 c6 25. Bxa6 bxa6 26. Rxc6 Kg7 27. Rac1 Ng2+ 28. Kf1 Nf4 29. Rxa6 Bb8 30. Rcc6 Ne6 31. h4 Rd3 32. Ke2 Rxf3 33. Kxf3 Nd4+ 34. Ke4 Nxc6 35. Rxc6 gxh4 36. b4 Re8 37. e6 h3 38. Kf3 fxe6 39. b5 Rf8+ 40. Ke2 h2 41. Rc1 Rf4 0-1